LA CONSTITUCION MEXICANA COMENTADA POR MAQUIAVELO/

Збережено в:
Бібліографічні деталі
Автор: Arteaga Nava, Elisur (autor)
Формат: Книга
Предмети:
Теги: Додати тег
Немає тегів, Будьте першим, хто поставить тег для цього запису!

MARC

LEADER 00000nam^a2200000^a^4500
001 000224287
005 20250521000000.0
009 20260310104044.775
020 |a 968-23-1410-0 
035 |a 043171 
037 |a Acervo Xavier Clavigero 
082 |a 342. 2  |b ART 
100 |a Arteaga Nava, Elisur  |e (autor) 
245 1 3 |a LA CONSTITUCION MEXICANA COMENTADA POR MAQUIAVELO/  |c ELISUR ARTEAGA NAVA 
264 |a MEXICO :  |b SIGLO XXI,  |c 1987 
300 |a 212p. 
336 |a texto  |b txt  |2 rdacontenido 
337 |a sin mediación  |b n  |2 rdamedio 
338 |a volumen  |b nc  |2 rdasoporte 
649 |a XX 
650 |a Derecho Constitucional 
650 |a Constitución -  |z México 
600 |a Maquiavelo, Nicolás 
910 |a Fondo General 
920 |a Impresos - Libros 
930 |a Colección General 
905 |a 101 
901 |a 043171  |b IT1  |c ACC  |i 043171  |u 20250521 
902 |a https://opac.biblio.iteso.mx/vufind/Record/000224287